[Event "SR 4. liga A21 2012/2013"]
[Site "?"]
[Date "2012.12.16"]
[Round "5.4"]
[White "Drahos, Miroslav"]
[Black "Lajda, Dusan"]
[Result "1/2-1/2"]
[WhiteElo "1652"]
[BlackElo "1838"]
[PlyCount "36"]
[EventDate "2012.??.??"]

1. e4 c5 2. c3 d6 3. d4 cxd4 4. cxd4 g6 5. Nf3 Bg7 6. Nc3 a6 7. Bc4 e6 8. O-O
Ne7 9. Bg5 O-O 10. Rc1 b5 11. Bb3 Ra7 12. Qd2 Nd7 13. Bh6 Nb6 14. Bxg7 Kxg7 15.
Rfd1 d5 16. e5 Nc4 17. Bxc4 dxc4 18. Ne4 Nd5 1/2-1/2

[Event "SR 4. liga A21 2012/2013"]
[Site "?"]
[Date "2012.12.16"]
[Round "5.4"]
[White "Fajnor, Dusan"]
[Black "Madzo, Anton"]
[Result "1/2-1/2"]
[WhiteElo "1000"]
[BlackElo "1545"]
[PlyCount "54"]
[EventDate "2012.??.??"]

1. e4 e5 2. Nf3 Nc6 3. Bb5 d6 4. O-O Bd7 5. c3 a6 6. Ba4 Nf6 7. Re1 Be7 8. d4
O-O 9. Bg5 b5 10. Bc2 Bg4 11. Nbd2 exd4 12. cxd4 Nxd4 13. h3 Bxf3 14. Nxf3 Nxc2
15. Qxc2 h6 16. Bf4 c5 17. Rad1 Qb6 18. e5 dxe5 19. Bxe5 Rad8 20. Bf4 Rxd1 21.
Qxd1 Rd8 22. Qc2 Bf8 23. Qc3 Nd5 24. Qc1 Nxf4 25. Qxf4 Qd6 26. Qc1 c4 27. a3
Qd3 1/2-1/2

[Event "SR 4. liga A21 2012/2013"]
[Site "?"]
[Date "2012.12.16"]
[Round "5.4"]
[White "Lackovic, Marek"]
[Black "Podjavorinsky, Peter"]
[Result "0-1"]
[WhiteElo "1552"]
[BlackElo "1720"]
[PlyCount "30"]
[EventDate "2012.??.??"]

1. e4 e5 2. Nf3 Nf6 3. Nxe5 d6 4. Nf3 Nxe4 5. d4 d5 6. Be3 Be7 7. Nbd2 f5 8.
Ne5 O-O 9. Ndf3 Qd6 10. a3 f4 11. Bd2 Nc6 12. h3 Nxd4 13. Nxd4 Qxe5 14. Ne2 Bh4
15. g3 fxg3 0-1

[Event "SR 4. liga A21 2012/2013"]
[Site "?"]
[Date "2012.12.16"]
[Round "5.4"]
[White "Smrek, Peter"]
[Black "Dzurjaninova, Hana"]
[Result "1-0"]
[WhiteElo "1845"]
[BlackElo "1592"]
[PlyCount "91"]
[EventDate "2012.??.??"]

1. e4 e6 2. d4 d5 3. exd5 exd5 4. Nf3 Nf6 5. Bd3 Bd6 6. O-O O-O 7. h3 Re8 8.
Nc3 c6 9. Bg5 Nbd7 10. Qd2 Qc7 11. Rfe1 b6 12. Rxe8+ Nxe8 13. Re1 Bb7 14. Be7
Nef6 15. Bxd6 Qxd6 16. Ne5 Re8 17. Nxd7 Qxd7 18. Rxe8+ Qxe8 19. Qe3 c5 20. Nb5
c4 21. Qxe8+ Nxe8 22. Be2 a6 23. Nc3 Kf8 24. Na4 b5 25. Nc5 Bc8 26. Bf3 Nf6 27.
g4 h6 28. Kg2 Ke7 29. Kg3 g5 30. Bg2 h5 31. f4 gxf4+ 32. Kxf4 hxg4 33. h4 a5
34. a4 bxa4 35. Nxa4 Bd7 36. Nc3 Ke6 37. Kg5 a4 38. Nd1 Ne4+ 39. Bxe4 dxe4 40.
c3 Ke7 41. Ne3 f5 42. Nxc4 Be6 43. Ne3 Kf7 44. d5 Bd7 45. c4 Ke7 46. c5 1-0

[Event "SR 4. liga A21 2012/2013"]
[Site "?"]
[Date "2012.12.16"]
[Round "5.5"]
[White "Harastova, Viera"]
[Black "Klimesova, Lucia"]
[Result "1/2-1/2"]
[WhiteElo "1851"]
[BlackElo "1516"]
[PlyCount "38"]
[EventDate "2012.??.??"]

1. d4 e6 2. c4 g6 3. Nc3 Bg7 4. Nf3 Nf6 5. b3 d6 6. Bb2 O-O 7. e3 Nbd7 8. Be2
e5 9. dxe5 Nxe5 10. O-O Ne8 11. Qc2 f6 12. Rad1 Bg4 13. Nd4 Qd7 14. Bxg4 Qxg4
15. Qe4 c6 16. Qxg4 Nxg4 17. Ne6 Rf7 18. Nxg7 Rxg7 19. Ne4 Re7 1/2-1/2

[Event "SR 4. liga A21 2012/2013"]
[Site "?"]
[Date "2012.12.16"]
[Round "5.5"]
[White "Klimes, Juraj"]
[Black "Jarabek, Milan"]
[Result "1/2-1/2"]
[WhiteElo "1611"]
[BlackElo "1663"]
[PlyCount "41"]
[EventDate "2012.??.??"]

1. e4 c5 2. Nf3 d6 3. d4 cxd4 4. Nxd4 Nf6 5. Nc3 a6 6. Be2 e5 7. Nf3 Be6 8. Bg5
Be7 9. O-O O-O 10. Bxf6 Bxf6 11. Nd5 Be7 12. Qd3 Nd7 13. Rad1 Bxd5 14. Qxd5 Qc7
15. c4 Qc6 16. b3 Nb6 17. Qxc6 bxc6 18. Nd2 d5 19. exd5 cxd5 20. cxd5 Nxd5 21.
Ne4 1/2-1/2

[Event "SR 4. liga A21 2012/2013"]
[Site "?"]
[Date "2012.12.16"]
[Round "5.5"]
[White "Nemeckay, Rastislav"]
[Black "Berger, Patrik"]
[Result "1/2-1/2"]
[WhiteElo "1980"]
[BlackElo "1930"]
[PlyCount "21"]
[EventDate "2012.??.??"]

1. Nf3 Nf6 2. c4 g6 3. d4 Bg7 4. Nc3 d5 5. e3 O-O 6. b3 c5 7. Bb2 Nc6 8. cxd5
Nxd5 9. Nxd5 Qxd5 10. Bc4 Qh5 11. Be2 1/2-1/2

[Event "SR 4. liga A21 2012/2013"]
[Site "?"]
[Date "2012.12.16"]
[Round "5.5"]
[White "Vepy, Ivan"]
[Black "Klimes, Karel"]
[Result "1-0"]
[WhiteElo "1921"]
[BlackElo "1724"]
[PlyCount "51"]
[EventDate "2012.??.??"]

1. e4 e5 2. Bc4 Bc5 3. Nf3 d6 4. h3 Nf6 5. d3 Qe7 6. Nc3 c6 7. a3 Be6 8. Ba2
Nbd7 9. Be3 Bxa2 10. Rxa2 d5 11. Na4 d4 12. Nxc5 dxe3 13. Nxd7 exf2+ 14. Kxf2
Qxd7 15. Rf1 Rd8 16. Ra1 Qc7 17. Kg1 O-O 18. Qe1 Qb6+ 19. Rf2 Rfe8 20. Qc3 Qc7
21. Raf1 Rd7 22. Kh2 Nd5 23. exd5 e4+ 24. Kh1 exf3 25. dxc6 fxg2+ 26. Rxg2 1-0

[Event "SR 4. liga A21 2012/2013"]
[Site "?"]
[Date "2012.12.16"]
[Round "5.5"]
[White "Wallner, Juraj"]
[Black "Zlamal, Marek"]
[Result "0-1"]
[WhiteElo "1495"]
[BlackElo "1551"]
[PlyCount "52"]
[EventDate "2012.??.??"]

1. e4 e5 2. Nf3 Nc6 3. d4 exd4 4. Nxd4 d6 5. Nxc6 bxc6 6. Bc4 Be6 7. Bb3 Nf6 8.
Nc3 h6 9. O-O Be7 10. h3 Qd7 11. Qf3 O-O 12. Rd1 Ne8 13. Ba4 Kh7 14. e5 d5 15.
Nxd5 Bxd5 16. Qg3 Qe6 17. c3 Bc5 18. b4 Bb6 19. Bc2+ Kh8 20. a4 a5 21. Kh1 f6
22. Qg6 f5 23. Qh5 Qxe5 24. Bxh6 gxh6 25. Qxh6+ Kg8 26. Qg6+ Qg7 0-1

[Event "SR 4. liga A21 2012/2013"]
[Site "?"]
[Date "2012.12.16"]
[Round "5.6"]
[White "Damborsky, Pavol"]
[Black "Lezovic, Martin"]
[Result "1-0"]
[WhiteElo "1794"]
[BlackElo "1762"]
[PlyCount "41"]
[EventDate "2012.??.??"]

1. e4 e5 2. Nf3 Nc6 3. Bc4 Be7 4. Nc3 Nf6 5. d3 O-O 6. a3 d6 7. h3 h6 8. O-O
Nh7 9. Nd5 Ng5 10. Nxe7+ Qxe7 11. Nxg5 hxg5 12. Qh5 g4 13. hxg4 g6 14. Qxg6+
Kh8 15. Qh5+ Kg8 16. Bg5 Re8 17. Bxe7 Rxe7 18. f4 Kg7 19. f5 Bxf5 20. Rxf5 f6
21. g5 1-0

[Event "SR 4. liga A21 2012/2013"]
[Site "?"]
[Date "2012.12.16"]
[Round "5.6"]
[White "Jablonicky, Martin"]
[Black "Cerovsky, Marian"]
[Result "1/2-1/2"]
[WhiteElo "1827"]
[BlackElo "1764"]
[PlyCount "76"]
[EventDate "2012.??.??"]

1. e4 e5 2. Nf3 d6 3. d4 exd4 4. Qxd4 Nc6 5. Qd1 Nf6 6. Nc3 a6 7. Bc4 h6 8. O-O
Be7 9. Bf4 Bg4 10. Nd5 Ne5 11. Bxe5 dxe5 12. Qd3 Bxf3 13. Qxf3 O-O 14. Rad1
Nxd5 15. Bxd5 Qc8 16. Qe3 Bf6 17. Rd3 c6 18. Bb3 Qc7 19. a3 Rad8 20. Rfd1 Rxd3
21. Rxd3 Rd8 22. Bc4 Rxd3 23. Bxd3 a5 24. Qc5 b6 25. Qc3 c5 26. b4 axb4 27.
axb4 Qa7 28. g3 Qe7 29. bxc5 bxc5 30. Qb3 h5 31. Bc4 h4 32. gxh4 Bxh4 33. Qb8+
Kh7 34. Qb3 Kg8 35. Qh3 Qg5+ 36. Kf1 Qc1+ 37. Kg2 Qg5+ 38. Kf1 Qc1+ 1/2-1/2

[Event "SR 4. liga A21 2012/2013"]
[Site "?"]
[Date "2012.12.16"]
[Round "5.6"]
[White "Kovarik, Oto"]
[Black "Mackovic, Matus"]
[Result "0-1"]
[WhiteElo "1979"]
[BlackElo "1871"]
[PlyCount "102"]
[EventDate "2012.??.??"]

1. e4 c6 2. d4 d5 3. Nc3 dxe4 4. Nxe4 Bf5 5. Ng3 Bg6 6. Nf3 Nf6 7. Ne5 e6 8.
Bf4 Nbd7 9. Be2 Nd5 10. Nxg6 hxg6 11. Bd2 Be7 12. c4 N5f6 13. Qc2 Qc7 14. O-O-O
c5 15. dxc5 Bxc5 16. f4 Bd6 17. f5 gxf5 18. Nxf5 exf5 19. Qxf5 O-O-O 20. Kb1
Qc5 21. Qc2 Qb6 22. g3 Rhe8 23. Rhe1 Kb8 24. Bg5 Bc5 25. Bf3 Be3 26. h4 Re5 27.
Bxf6 Qxf6 28. Bd5 Qg6 29. Rf1 Qxc2+ 30. Kxc2 f6 31. Rf3 Nb6 32. Rd3 Nxd5 33.
cxd5 Bc5 34. Kc3 Rdxd5 35. Rxd5 Rxd5 36. Kc4 Re5 37. Kd3 Kc7 38. a3 a5 39. g4
Kc6 40. Rg3 Kd5 41. Rf3 b5 42. Rg3 a4 43. Rf3 Bd4 44. Rf1 Re3+ 45. Kd2 Rb3 46.
Rf5+ Kc4 47. g5 Rxb2+ 48. Kc1 Rf2 49. Rxf2 Bxf2 50. gxf6 gxf6 51. h5 Be3+ 0-1

[Event "SR 4. liga A21 2012/2013"]
[Site "?"]
[Date "2012.12.16"]
[Round "5.6"]
[White "Pisecky, Jan"]
[Black "Jablonicky, Boris"]
[Result "0-1"]
[WhiteElo "1522"]
[BlackElo "1689"]
[PlyCount "63"]
[EventDate "2012.??.??"]

1. e4 e5 2. Bc4 Nc6 3. c3 Nf6 4. d3 d6 5. Nf3 Be7 6. h3 O-O 7. Be3 h6 8. b4 d5
9. exd5 Nxd5 10. Bxd5 Qxd5 11. c4 Bxb4+ 12. Ke2 Qd6 13. a3 Bc5 14. Qc2 Nd4+ 15.
Nxd4 exd4 16. Bd2 Re8+ 17. Kd1 b6 18. g3 Qc6 19. Rh2 Qf3+ 20. Kc1 Re2 21. Qb3
Rxf2 22. Rxf2 Qxf2 23. Bf4 Qe1+ 24. Kb2 Qe2+ 25. Nd2 Bxh3 26. Rh1 Bf5 27. Kc2
c6 28. Kc1 Qxd3 29. Qxd3 Bxd3 30. a4 Rd8 31. Re1 Bb4 32. Re7 0-1

[Event "SR 4. liga A21 2012/2013"]
[Site "?"]
[Date "2012.12.16"]
[Round "5.6"]
[White "Slobodnik, Michal"]
[Black "Dubecky, Ladislav"]
[Result "1-0"]
[WhiteElo "1785"]
[BlackElo "1557"]
[PlyCount "69"]
[EventDate "2012.??.??"]

1. b3 Nf6 2. Bb2 e6 3. Nf3 d5 4. g3 c5 5. Bg2 Be7 6. O-O O-O 7. Nc3 Nc6 8. d4
Bd7 9. e3 a6 10. Ne5 Nxe5 11. dxe5 Ne8 12. Ne2 Bb5 13. a4 Bc6 14. c4 Nc7 15.
Qc2 b5 16. Rfd1 bxa4 17. bxa4 Rb8 18. Bc3 Qe8 19. Ba5 Qc8 20. Rab1 Rd8 21. Rxb8
Qxb8 22. Rb1 Qa7 23. Bb6 Qb7 24. Bxc5 Bxa4 25. Rxb7 Bxc2 26. Rxc7 Bxc5 27. Rxc5
dxc4 28. Nd4 Bd3 29. Bb7 Rb8 30. Bxa6 Rb1+ 31. Kg2 Bf1+ 32. Kf3 h5 33. Bxc4 Bh3
34. Rc8+ Kh7 35. Bd3+ 1-0

[Event "SR 4. liga A21 2012/2013"]
[Site "?"]
[Date "2013.01.06"]
[Round "6.1"]
[White "Jablonicky, Martin"]
[Black "Pripko, Bystrik"]
[Result "1-0"]
[WhiteElo "1827"]
[BlackElo "1815"]
[PlyCount "126"]
[EventDate "2012.??.??"]

1. e4 e5 2. Nf3 Nc6 3. Bb5 a6 4. Ba4 b5 5. Bb3 Bc5 6. O-O Nf6 7. Re1 O-O 8. c3
d6 9. h3 Bb6 10. d4 h6 11. a4 Bb7 12. Qd3 Re8 13. d5 Ne7 14. axb5 axb5 15. Rxa8
Qxa8 16. Qxb5 Ba6 17. Qa4 Ng6 18. Bc4 Bxc4 19. Qxc4 Nh5 20. Be3 Bxe3 21. Rxe3
Qb7 22. b4 Ra8 23. g3 Qb6 24. Kg2 Nf6 25. Qb3 Ne7 26. Nbd2 g5 27. Ne1 h5 28. c4
h4 29. Nd3 Nh5 30. Qd1 Nf6 31. c5 Qb5 32. Nf3 g4 33. Nxh4 gxh3+ 34. Kh2 Qd7 35.
f3 Ra2+ 36. Re2 Ng4+ 37. fxg4 Qxg4 38. Nc1 Rb2 39. Qf1 Rxb4 40. Qxh3 Rxe4 41.
Qxg4+ Rxg4 42. cxd6 cxd6 43. Nf3 Rc4 44. Nb3 Rc3 45. Nbd2 Nxd5 46. Kg2 f5 47.
Nh4 Ne7 48. Rf2 Rd3 49. Nc4 Rd4 50. Ne3 f4 51. Nef5 fxg3 52. Nxe7+ Kg7 53. Kxg3
Rd3+ 54. Kg4 e4 55. Nef5+ Kg8 56. Nh6+ Kg7 57. N4f5+ Kg6 58. Kh4 d5 59. Ng4 Rd1
60. Ne7+ Kg7 61. Kg5 d4 62. Nf5+ Kg8 63. Kg6 Kf8 1-0

[Event "SR 4. liga A21 2012/2013"]
[Site "?"]
[Date "2013.01.06"]
[Round "6.1"]
[White "Kupkovic, Miroslav"]
[Black "Lezovic, Martin"]
[Result "0-1"]
[WhiteElo "1799"]
[BlackElo "1762"]
[PlyCount "100"]
[EventDate "2012.??.??"]

1. d4 d5 2. c4 c6 3. Nc3 Nf6 4. cxd5 Nxd5 5. e4 Nxc3 6. bxc3 g6 7. Be3 Bg7 8.
Qa4 Qb6 9. Qb3 Qc7 10. Bc4 O-O 11. Ne2 Nd7 12. O-O b5 13. Bd3 Nb6 14. Bf4 Qd8
15. Rfd1 a6 16. Be3 Be6 17. Qc2 Qc8 18. d5 Nxd5 19. exd5 cxd5 20. Bd4 f6 21. a4
Bd7 22. Qb3 e5 23. Be3 Be6 24. Qb4 Rb8 25. a5 Rf7 26. h4 f5 27. Bb6 f4 28. f3
Bf8 29. Qb2 Bc5+ 30. Bxc5 Qxc5+ 31. Kh2 Qf2 32. Rf1 Qxh4+ 33. Kg1 g5 34. Rf2 g4
35. fxg4 Qxg4 36. Kf1 e4 37. Bb1 e3 38. Rf3 Qh4 39. Ng1 Bg4 40. Rh3 Bxh3 41.
Nxh3 f3 42. Ba2 e2+ 43. Kg1 f2+ 44. Nxf2 Qxf2+ 45. Kh2 Qf4+ 46. g3 Qf2+ 47. Kh3
Qf1+ 48. Kh4 e1=Q 49. Rxe1 Qxe1 50. Bxd5 Qe7+ 0-1

[Event "SR 4. liga A21 2012/2013"]
[Site "?"]
[Date "2013.01.06"]
[Round "6.1"]
[White "Piestansky, Jan"]
[Black "Gajarsky, Jakub"]
[Result "1/2-1/2"]
[WhiteElo "1588"]
[BlackElo "1587"]
[PlyCount "87"]
[EventDate "2012.??.??"]

1. e4 c5 2. Nf3 d6 3. h3 Nf6 4. Bd3 g6 5. c3 Bg7 6. Bc2 O-O 7. d3 Nc6 8. Bg5 b5
9. O-O Rb8 10. Nbd2 b4 11. c4 Nd7 12. Rc1 Nde5 13. Nxe5 Nxe5 14. f4 Nc6 15. Nf3
Nd4 16. Nxd4 Bxd4+ 17. Kh2 Qc7 18. Bh4 e6 19. Bf2 Bg7 20. Bg3 f5 21. Qe2 Qa5
22. Bb3 Bb7 23. Bh4 Rfe8 24. exf5 exf5 25. Qd2 Bc6 26. Rfe1 Qc7 27. Bg3 Qb7 28.
Re2 Rxe2 29. Qxe2 Re8 30. Qd2 Qa8 31. a4 Re6 32. Re1 Qe8 33. Rxe6 Qxe6 34. Bd1
Kf7 35. b3 Bf6 36. Qe1 Qxe1 37. Bxe1 Ke6 38. Kg3 Kd7 39. Bf3 Bxf3 40. Kxf3 Ke6
41. Bf2 Kd7 42. Be3 Kc6 43. g4 a6 44. g5 1/2-1/2

[Event "SR 4. liga A21 2012/2013"]
[Site "?"]
[Date "2013.01.06"]
[Round "6.1"]
[White "Slaby, Jozef"]
[Black "Mackovic, Matus"]
[Result "1-0"]
[WhiteElo "1890"]
[BlackElo "1871"]
[PlyCount "109"]
[EventDate "2012.??.??"]

1. d4 Nf6 2. c4 g6 3. Nc3 Bg7 4. e4 d6 5. f3 O-O 6. Be3 Nbd7 7. Bd3 c6 8. Nge2
e5 9. d5 c5 10. Qd2 Ne8 11. Bg5 f6 12. Bh4 a6 13. Bf2 f5 14. exf5 gxf5 15. Ng3
Nb6 16. h4 Qe7 17. a4 f4 18. Nge4 Nf6 19. a5 Nxe4 20. Nxe4 Nd7 21. h5 h6 22.
Bh4 Nf6 23. Qc2 Qc7 24. Bf2 Nxe4 25. Bxe4 Bd7 26. Ke2 Qc8 27. Rab1 b5 28. axb6
Rb8 29. b4 Rxb6 30. bxc5 Rxb1 31. Rxb1 dxc5 32. Rb6 Rf6 33. Qb2 Rxb6 34. Qxb6
Bf8 35. d6 Be6 36. Kd3 Qd7 37. Bxc5 Qa4 38. Qb4 Qd1+ 39. Kc3 Qc1+ 40. Kb3 a5
41. Qc3 Qd1+ 42. Bc2 Qe2 43. Qd3 Qxd3+ 44. Bxd3 Bd7 45. Ba3 Kf7 46. c5 Ke6 47.
Bc4+ Kf5 48. Bd5 e4 49. Bxe4+ Ke5 50. Bb2+ Ke6 51. c6 Bc8 52. d7 Bxd7 53. cxd7
Kxd7 54. Be5 Bd6 55. Bg7 1-0

[Event "SR 4. liga A21 2012/2013"]
[Site "?"]
[Date "2013.01.06"]
[Round "6.1"]
[White "Slobodnik, Michal"]
[Black "Vagovic, Milan"]
[Result "1-0"]
[WhiteElo "1785"]
[BlackElo "1725"]
[PlyCount "87"]
[EventDate "2012.??.??"]

1. b3 c5 2. Nf3 Nc6 3. Bb2 d6 4. c4 e6 5. g3 Nf6 6. Bg2 Be7 7. O-O O-O 8. d4 d5
9. Nbd2 Rb8 10. Rc1 b6 11. Re1 Re8 12. Nf1 Bb7 13. Ne3 cxd4 14. Nxd4 Nxd4 15.
Qxd4 Bc5 16. Qf4 Bd6 17. Qg5 h6 18. Bxf6 Qxf6 19. Qxf6 gxf6 20. cxd5 Bc5 21.
dxe6 fxe6 22. Ng4 Kg7 23. Bxb7 Rxb7 24. e4 e5 25. Ne3 Bxe3 26. Rxe3 Rd8 27.
Rec3 Rdd7 28. Kg2 Kg6 29. R1c2 h5 30. Kf3 Kg5 31. h4+ Kg6 32. Ke3 Kf7 33. Rd2
Ke7 34. Rxd7+ Rxd7 35. f4 Kd8 36. Rd3 Rxd3+ 37. Kxd3 b5 38. fxe5 fxe5 39. b4
Kd7 40. Ke3 Ke6 41. Kf3 Kf6 42. g4 Kg6 43. gxh5+ Kxh5 44. Kg3 1-0

[Event "SR 4. liga A21 2012/2013"]
[Site "?"]
[Date "2013.01.06"]
[Round "6.2"]
[White "Berger, Patrik"]
[Black "Kovarik, Oto"]
[Result "1/2-1/2"]
[WhiteElo "1930"]
[BlackElo "1979"]
[PlyCount "84"]
[EventDate "2012.??.??"]

1. e4 c5 2. Nf3 e6 3. d4 cxd4 4. Nxd4 a6 5. Bd3 Nc6 6. Nxc6 bxc6 7. Nc3 Qc7 8.
O-O Be7 9. f4 d6 10. Qf3 Nf6 11. e5 Nd5 12. Ne4 Bd7 13. c4 Nb4 14. Bb1 a5 15.
a3 Na6 16. f5 exf5 17. exd6 Bxd6 18. Nxd6+ Qxd6 19. Re1+ Be6 20. Qxf5 Qc5+ 21.
Qxc5 Nxc5 22. Bc2 O-O 23. Be3 Nd7 24. Be4 Rfc8 25. c5 Nf6 26. Bd4 Nxe4 27. Rxe4
Rd8 28. Bc3 a4 29. Rd4 Rxd4 30. Bxd4 Rd8 31. Rd1 f6 32. Rd2 Kf7 33. Be3 Rxd2
34. Bxd2 f5 35. Kf2 h6 36. h4 g6 37. g3 Bd5 38. Bxh6 Ke6 39. Ke3 Bb3 40. Kd4
Bd5 41. Bf4 Kf6 42. Kc3 Ke6 1/2-1/2

[Event "SR 4. liga A21 2012/2013"]
[Site "?"]
[Date "2013.01.06"]
[Round "6.2"]
[White "Blanarik, Dominik"]
[Black "Harasta, Juraj"]
[Result "0-1"]
[WhiteElo "1538"]
[BlackElo "1698"]
[PlyCount "48"]
[EventDate "2012.??.??"]

1. e4 e5 2. Nf3 Nc6 3. Nc3 Nf6 4. Bc4 Bc5 5. O-O d6 6. h3 O-O 7. d3 Na5 8. Bg5
Nxc4 9. dxc4 Be6 10. Qe2 Qd7 11. Bxf6 gxf6 12. Nd5 Kg7 13. Kh2 f5 14. Ng5 Bxd5
15. cxd5 h6 16. Nf3 fxe4 17. Qxe4 f5 18. Qe2 Rf6 19. Nh4 f4 20. Rad1 Rg8 21.
Rd3 Kh8 22. Qe4 Qg7 23. g3 Bxf2 24. Rxf2 fxg3+ 0-1

[Event "SR 4. liga A21 2012/2013"]
[Site "?"]
[Date "2013.01.06"]
[Round "6.2"]
[White "Damborsky, Pavol"]
[Black "Vepy, Ivan"]
[Result "1-0"]
[WhiteElo "1794"]
[BlackElo "1921"]
[PlyCount "145"]
[EventDate "2012.??.??"]

1. e4 e5 2. Nf3 Nc6 3. Bc4 Nf6 4. d3 Be7 5. a3 O-O 6. Nc3 d6 7. h3 a6 8. Bg5
Ne8 9. Bxe7 Nxe7 10. O-O Be6 11. Bxe6 fxe6 12. Ng5 Rf6 13. Qd2 Nc6 14. Ne2 Rg6
15. Nf3 Qf6 16. Ng3 Rd8 17. Qe3 Qe7 18. c3 Rd7 19. Nh2 Nf6 20. f4 exf4 21. Rxf4
Ne5 22. Raf1 Rd8 23. d4 Nc4 24. Qf2 Rf8 25. Nh5 b5 26. Ng4 Nd7 27. Rxf8+ Qxf8
28. Nf4 Rg5 29. Nxe6 Qxf2+ 30. Rxf2 Rg6 31. Nxc7 h5 32. Nd5 Re6 33. Nge3 Nxe3
34. Nxe3 Rxe4 35. Nf5 d5 36. Ng3 Rh4 37. Rf5 Nf6 38. Rg5 Kh7 39. Nf5 Rf4 40.
Rxg7+ Kh8 41. Rg5 Kh7 42. Ng3 Kh6 43. Re5 a5 44. Ne2 Re4 45. Rxe4 Nxe4 46. Nf4
Nf6 47. Ne6 Kg6 48. Nc7 b4 49. cxb4 axb4 50. axb4 Kf7 51. b5 Ke7 52. Na6 Kd7
53. Kh2 h4 54. g3 hxg3+ 55. Kxg3 Ne4+ 56. Kf4 Nd6 57. Ke5 Nxb5 58. Kxd5 Nd6 59.
Nc5+ Ke7 60. b4 Nb5 61. Ne4 Kd7 62. h4 Nc7+ 63. Ke5 Ke7 64. h5 Nb5 65. d5 Na7
66. d6+ Kf7 67. Ng5+ Kg7 68. b5 Nxb5 69. d7 Na7 70. Kd6 Nb5+ 71. Ke7 Na7 72.
Ne6+ Kh6 73. Nd4 1-0

[Event "SR 4. liga A21 2012/2013"]
[Site "?"]
[Date "2013.01.06"]
[Round "6.2"]
[White "Harastova, Viera"]
[Black "Sprusansky, Ferdinand"]
[Result "0-1"]
[WhiteElo "1851"]
[BlackElo "1430"]
[PlyCount "78"]
[EventDate "2012.??.??"]

1. d4 d5 2. c4 e6 3. Nc3 Bb4 4. a3 Be7 5. Nf3 Nf6 6. Bg5 Nbd7 7. e3 c5 8. Bd3
O-O 9. O-O Qb6 10. Qc2 g6 11. Rac1 Re8 12. cxd5 exd5 13. Bxf6 Nxf6 14. Na4 Qc7
15. Nxc5 b6 16. Nb3 Qd6 17. Bb5 Bd7 18. Bxd7 Qxd7 19. Qc6 Qf5 20. Qc7 Ne4 21.
Qe5 Qd7 22. Qc7 Qb5 23. Nbd2 Nxd2 24. Nxd2 Qxb2 25. Qc2 Qxa3 26. Ra1 Qd6 27.
Ra6 Rec8 28. Qb3 Qd7 29. Rfa1 Rc7 30. Rxb6 Rac8 31. Rb5 Rc1+ 32. Rxc1 Rxc1+ 33.
Nf1 Qc6 34. Qxd5 Qc2 35. Qb3 Qe2 36. h3 Qxf1+ 37. Kh2 Bd6+ 38. f4 Bxf4+ 39.
exf4 Qxf4+ 0-1

[Event "SR 4. liga A21 2012/2013"]
[Site "?"]
[Date "2013.01.06"]
[Round "6.2"]
[White "Jarabek, Milan"]
[Black "Dubecky, Ladislav"]
[Result "0-1"]
[WhiteElo "1663"]
[BlackElo "1557"]
[PlyCount "76"]
[EventDate "2012.??.??"]

1. d4 Nf6 2. c4 e6 3. Nf3 d5 4. Bg5 Be7 5. Nc3 O-O 6. e3 Nc6 7. a3 a6 8. Qc2
Nd7 9. Bxe7 Nxe7 10. Bd3 g6 11. O-O dxc4 12. Bxc4 b5 13. Bb3 Bb7 14. Ng5 Nd5
15. Bxd5 exd5 16. Nf3 Rc8 17. b4 Nb6 18. Ne2 Nc4 19. Nf4 Re8 20. Nd3 Ra8 21.
Nc5 Bc8 22. a4 Bf5 23. Qc3 Qe7 24. axb5 axb5 25. Rxa8 Rxa8 26. Ra1 Rxa1+ 27.
Qxa1 Qe8 28. Qa7 c6 29. Kf1 h6 30. Ke2 Kg7 31. Na6 Qe4 32. Ne5 Qc2+ 33. Kf3
Qd1+ 34. Kf4 Nd6 35. h4 Qg1 36. Qe7 Qxf2+ 37. Nf3 Ne4 38. Qe5+ Kh7 0-1

[Event "SR 4. liga A21 2012/2013"]
[Site "?"]
[Date "2013.01.06"]
[Round "6.3"]
[White "Bjel, Jan"]
[Black "Nemeckay, Rastislav"]
[Result "1/2-1/2"]
[WhiteElo "1875"]
[BlackElo "1980"]
[PlyCount "36"]
[EventDate "2012.??.??"]

1. d4 d5 2. Nf3 Nf6 3. Nc3 g6 4. g3 Bg7 5. Bg2 O-O 6. O-O c6 7. Re1 Re8 8. e4
dxe4 9. Nxe4 Nxe4 10. Rxe4 e5 11. c3 Bf5 12. Re1 Nd7 13. Qb3 Qb6 14. Qxb6 axb6
15. dxe5 Nxe5 16. Nxe5 Bxe5 17. Be3 b5 18. a3 Bc2 1/2-1/2

[Event "SR 4. liga A21 2012/2013"]
[Site "?"]
[Date "2013.01.06"]
[Round "6.3"]
[White "Klimes, Karel"]
[Black "Lajda, Dusan"]
[Result "1/2-1/2"]
[WhiteElo "1724"]
[BlackElo "1838"]
[PlyCount "53"]
[EventDate "2012.??.??"]

1. e4 c5 2. Nf3 d6 3. Bc4 Nf6 4. d3 e6 5. Bg5 Be7 6. Nbd2 Nc6 7. c3 O-O 8. O-O
Na5 9. Bb5 a6 10. Ba4 b5 11. Bc2 Bb7 12. Re1 Nd7 13. Bxe7 Qxe7 14. Nf1 Rac8 15.
b4 cxb4 16. cxb4 Nc6 17. a3 Nde5 18. Nxe5 Nxe5 19. Rc1 Rc7 20. Bb1 Rxc1 21.
Qxc1 Rc8 22. Qb2 Qc7 23. Re2 Nc6 24. Rc2 Qd7 25. Ne3 Ne7 26. Rxc8+ Qxc8 27. Qc2
1/2-1/2

[Event "SR 4. liga A21 2012/2013"]
[Site "?"]
[Date "2013.01.06"]
[Round "6.3"]
[White "Lanyi, Frantisek"]
[Black "Klimesova, Lucia"]
[Result "1-0"]
[WhiteElo "1737"]
[BlackElo "1516"]
[PlyCount "45"]
[EventDate "2012.??.??"]

1. e4 e5 2. Nf3 Nc6 3. Bb5 d6 4. d4 exd4 5. Nxd4 Bd7 6. O-O Nxd4 7. Bxd7+ Qxd7
8. Qxd4 Nf6 9. Re1 Be7 10. e5 dxe5 11. Qxe5 Rd8 12. Bg5 Kf8 13. Nc3 Qd6 14.
Rad1 Qxe5 15. Rxd8+ Bxd8 16. Rxe5 h6 17. Bxf6 Bxf6 18. Re3 c6 19. Ne4 Bxb2 20.
Rb3 Be5 21. Rxb7 a5 22. Ra7 f6 23. Ra8+ 1-0

[Event "SR 4. liga A21 2012/2013"]
[Site "?"]
[Date "2013.01.06"]
[Round "6.3"]
[White "Madzo, Anton"]
[Black "Tomasovic, Roman"]
[Result "1/2-1/2"]
[WhiteElo "1545"]
[BlackElo "1277"]
[PlyCount "74"]
[EventDate "2012.??.??"]

1. d4 d5 2. Nf3 Nf6 3. Nc3 Nc6 4. g3 e6 5. Bg5 Be7 6. Bg2 h6 7. Bxf6 Bxf6 8. e3
O-O 9. O-O a6 10. Re1 Ne7 11. Ne2 c6 12. Nd2 e5 13. dxe5 Bxe5 14. c3 Be6 15.
Nb3 Qb6 16. Nf4 Rad8 17. Nxe6 fxe6 18. Qc2 Bd6 19. Nd4 e5 20. Ne6 e4 21. Nxd8
Qxd8 22. Qb3 Qd7 23. Bxe4 Kh8 24. Bg2 Ng6 25. Qc2 Ne5 26. f4 Nc4 27. Rad1 Bc5
28. Qc1 Re8 29. Kh1 Bxe3 30. Qb1 Qg4 31. b3 Nd6 32. Qd3 Nf5 33. Qe2 Qg6 34. Bh3
Nd6 35. Qd3 Qh5 36. Rxe3 Rxe3 37. Qxe3 Qxd1+ 1/2-1/2

[Event "SR 4. liga A21 2012/2013"]
[Site "?"]
[Date "2013.01.06"]
[Round "6.3"]
[White "Wallner, Juraj"]
[Black "Bajcar, Pavol"]
[Result "1-0"]
[WhiteElo "1495"]
[BlackElo "1635"]
[PlyCount "89"]
[EventDate "2012.??.??"]

1. e4 e6 2. Nf3 d5 3. exd5 exd5 4. d4 Nf6 5. Be2 Bd6 6. Bg5 Bf5 7. Nc3 c6 8.
Qd2 Nbd7 9. O-O O-O 10. Rfe1 Qc7 11. h3 Rfe8 12. Bd3 Bg6 13. Nh4 Rab8 14. Nf5
Rbc8 15. a3 a6 16. Kh1 Ra8 17. Re3 Rxe3 18. fxe3 Re8 19. Re1 Nh5 20. Nxd6 Qxd6
21. Ne2 Bxd3 22. Qxd3 Ng3+ 23. Kg1 Nxe2+ 24. Qxe2 Nf6 25. Rf1 Ne4 26. Bf4 Qe6
27. Re1 h6 28. b3 b5 29. a4 Qd7 30. axb5 axb5 31. c4 Re6 32. cxb5 cxb5 33. Ra1
g5 34. Bh2 Qe8 35. Ra5 Nc3 36. Qh5 Rxe3 37. Be5 Rxe5 38. dxe5 Qxe5 39. Qf3 Qe1+
40. Kh2 Ne2 41. Ra8+ Kg7 42. Qe3 Qf1 43. Qe5+ Kg6 44. Ra6+ Kh5 45. g4+ 1-0